000 00438nam a2200157 i 4500
001 51434
003 ES-MaACL
005 20230906162348.0
007 t|
008 030813s1967 sp ||||1| spa d
100 1 _aChasca, Edmund de.
_938148
245 1 3 _aEl arte juglaresco en el "Cantar de Mio Cid" /
_cEdmund de Chasca.
260 _aMadrid :
_bGredos,
_c[1967]
300 _a350 p. ;
_c20 cm.
852 _aES-MaACL
_jC-33626
_bR.63913
999 _c51434
_d51434